000 00474nam a2200181Ia 4500
001 3800
005 20260306145710.0
008 260306t2018||||xx |||||||||||||| ||spa||
041 _aESP
082 _a303.44
_bS712
100 _aSadin, Éric,
_eAUT
245 0 _aLa silicolonización del mundo :
_bla irresistible expansión del liberalismo digital
260 _c2018
300 _a316 páginas :
_c20 cm.
650 _aGEN
654 _aCHU
942 _cLIB
_dJUS
_fJUS
_2ddc
_n
999 _c3800
_d3800